Normal view MARC view
  • TIME DIVISION MULTIPLE ACCESS WIRELESS COMMUNICATION SYSTEMS-STANDARDS MOBILE COMMUNICATION SYSTEMS CELLUR RADIO TDMA TECHNOLOGY

Entry Topical Term

Number of records used in: 1

001 - CONTROL NUMBER

  • control field: 78397

003 - CONTROL NUMBER IDENTIFIER

  • control field: NUST

005 - DATE AND TIME OF LATEST TRANSACTION

  • control field: 20210628210159.0

008 - FIXED-LENGTH DATA ELEMENTS

  • fixed length control field: 210628|| aca||aabn | a|a d

040 ## - CATALOGING SOURCE

  • Original cataloging agency: NUST
  • Transcribing agency: NUST

150 ## - HEADING--TOPICAL TERM

  • Topical term or geographic name entry element: TIME DIVISION MULTIPLE ACCESS WIRELESS COMMUNICATION SYSTEMS-STANDARDS MOBILE COMMUNICATION SYSTEMS CELLUR RADIO TDMA TECHNOLOGY

670 ## - SOURCE DATA FOUND

  • Source citation: Work cat.: (NUST): Jacobs, Charles.A Smith, Adrian.D Harte, Lawrence.J 78396, Is-136 tdma technology economics and services, 1998
© 2023 Central Library, National University of Sciences and Technology. All Rights Reserved.